01129 a2200217 45000010006000000050017000060080041000230030015000640400040000790800109001192450074002280200022003022640096003243000019004205050237004390410008006761000021006847000086007057000021007918560099008124571620260407155729.0260407a2018 arg spa dAR-UNSa-BCEJYS aAR-UNSa-BCEJYSbspacAR-UNSa-BCEJYS a339.9xEconomía internacional en general. Relaciones económicas internacionales. Economía mundial 10aBalance preliminar de las economías de América Latina y el Caribe a978-92-1-121976-0 1aSantiago de Chile :bCEPAL (Comisión Económica para América Latina y el Caribe)c2018 a134 p.c27 cm. a1. Tendencias de la economía mundial – 2. Dinámica de la liquidez global – 3. El sector externo – 4. La actividad económica – 5. Los precios internos – 6. Empleo y salarios – 7. Perspectivas y desafíos para 2018. aspa1 aTitelman, Daniel1 aNaciones Unidas. Comisión Económica para América Latina y el Caribe (CEPAL)1 aWeller, Jürgen41uhttps://www.biblioeco.unsa.edu.ar/pmb/images/libros/L127167.jpgyImagen de portadaqimage/jpeg